Poland international economic report 1994 / 95.
| Format: | Book |
|---|---|
| Published: |
Warsaw:
World Economic Research Institute,
1995.
|
| Subjects: |
| LEADER | 00458cam a2200157 7i4500 | ||
|---|---|---|---|
| 001 | 0000003192 | ||
| 005 | 19991025090000.0 | ||
| 002 | ##000004537 | ||
| 020 | 0 | 0 | |a 83-85366-47-4 |
| 090 | 0 | 0 | |a POL 330.9 |b POL |
| 245 | 0 | 0 | |a Poland international economic report 1994 / 95. |
| 260 | 0 | 0 | |a Warsaw: |b World Economic Research Institute, |c 1995. |
| 300 | 0 | 0 | |a 234 p.. |
| 650 | 0 | 0 | |a Economic development |
| 651 | 0 | 0 | |a Poland |
| 999 | |a 0000005217 |b Book |c Open shelf |e Business Information Centre | ||


